000 00763nam a2200241Ia 4500
003 OSt
005 20220925201638.0
006 a|||||r|||| 00| 0
007 ta
008 220923b |||||||| |||| 00| 0 eng d
037 _cGeneral Book
040 _aRTL
_cRTL
_beng
041 _2eng
_aeng
082 _aX9(D415,33).2.N4, G8/GD
100 _aScott C. W.
_9261575
245 0 _aCresoted wooden railway sleepers (Tier) in India and elsewhere
260 _aDelhi
_bManager of Publications India
_c1938
300 _a51p.
_ccm.
500 _aIndia, Railway Board, Technical Paper, 306.
650 _aRail Road Transport Industry
_9261576
942 _hX9(D415,33).2.N4, G8/GD
_cGB
_2CC
999 _c540690
_d540690